| 000 | 00000nam 2200000za 4500 |
| 001 | 9.677571 |
| 003 | CaOODSP |
| 005 | 20221107134437 |
| 007 | cr ||||||||||| |
| 008 | 150407s2015 xxc|||||o f|0| 0 fre d |
| 020 | |a978-0-660-22270-7 |
| 040 | |aCaOODSP|bfre |
| 043 | |an-cn--- |
| 086 | 1 |aHP10-23/2015F-PDF |
| 245 | 00|aPourquoi faut-il éviter de donner la fessée? |h[ressource électronique] : |bconseils pour guider le comportement de votre enfant de façon positive. |
| 260 | |a[Ottawa] : |bAgence de santé publique du Canada, |cc2015. |
| 300 | |a2 p. : |billus. en couleur. |
| 500 | |aPublié aussi en anglais sous le titre : What’s wrong with spanking? Tips to guide your child’s behaviour in a positive way. |
| 500 | |aLe n° de catalogue (HP10-23/2015F) et l’ISBN (978-0-660-23393-2) de l'édition imprimée ont été copiés dans l’édition électronique. |
| 691 | 07|aArt d'être parent|2gcpds |
| 710 | 2 |aAgence de santé publique du Canada. |
| 775 | 08|tWhat's wrong with spanking? |w(CaOODSP)9.629978 |
| 775 | 08|t[Pourquoi faut-il éviter de donner la fessée? |w(CaOODSP)9.825239 |
| 775 | 08|t[Pourquoi faut-il éviter de donner la fessée?] : |w(CaOODSP)9.862655 |
| 775 | 08|t[Pourquoi faut-il éviter de donner la fessée?] : |w(CaOODSP)9.862658 |
| 856 | 40|qPDF|s1.49 Mo|uhttps://publications.gc.ca/collections/collection_2016/aspc-phac/HP10-23-2015-fra.pdf |
| 986 | |aPub.: 140516 |